| 000 | 00776nam a2200193 4500 | ||
|---|---|---|---|
| 999 |
_c56832 _d56832 |
||
| 005 | 20190711155133.0 | ||
| 008 | 190510c2019 ру ||||| |||| 00| 0 рус d | ||
| 022 | _a0373-658X | ||
| 041 | _aрус | ||
| 245 |
_aВопросы языкознания : N1 январь-февраль _b2019 / _cГл. ред.: В.А. Плунгян |
||
| 260 |
_aМосква, _b1952 - |
||
| 300 | _aV. | ||
| 653 | _aლინგვისტიკა | ||
| 653 | _aВопросы языкознания. N1 январь-февраль 2019. | ||
| 653 | _aპერიოდიკა | ||
| 653 | _aენათმეცნიერების კითხვები | ||
| 700 |
_aПлунгян, В.А. _eმთავარი რედაქტორი _9965 |
||
| 942 |
_2udc _cCR |
||